| 000 | 00471nam a2200145Ia 4500 | ||
|---|---|---|---|
| 008 | 231129s2005||||xx |||||||||||||| ||spa|| | ||
| 020 | _a958-9478-10-7 | ||
| 040 | _bspa | ||
| 082 | _a304.44 C718g | ||
| 100 | _aColombia. Ministerio de Comunicaciones | ||
| 245 | 0 | _aGuía de comunicación para la gestión y el desarrollo social | |
| 260 | _c2005 | ||
| 264 | _aBogotá Colombia : Ministerio de Comunicaciones | ||
| 942 |
_2ddc _cBKS |
||
| 999 |
_c14728 _d14728 |
||